| 000 | 01298cam a2200385Ka 4500 | ||
|---|---|---|---|
| 001 | 10878474 | ||
| 003 | OSt | ||
| 005 | 20211013113331.0 | ||
| 006 | m o d | ||
| 007 | cr ||| | ||
| 008 | 140602s2006 enk o 000 0 eng d | ||
| 020 | _a9780340946589 | ||
| 035 | _a(OCoLC)ocn880833182 | ||
| 035 | _a(OCoLC)880833182 | ||
| 035 | _a(NNC)10878474 | ||
| 038 | _aKhadija | ||
| 040 |
_aSINTU _cSINTU _dSINTU _dOCLCO _dKNOVL |
||
| 050 | 4 | _aTJ145 | |
| 082 | 0 | 4 |
_a621 _222 _bINT |
| 100 | 1 |
_aClifford, Michael. _983091 |
|
| 245 | 1 | 3 |
_aAn introduction to mechanical engineering. / _nPart 1 _cMichael Clifford, Kathy Simmons, Philip Shipway. |
| 250 | _aise ed | ||
| 260 |
_aLondon : _bHodder Education, _c2006. |
||
| 300 | _a1 online resource. | ||
| 563 | _aPB | ||
| 650 | 0 | _aMechanical engineering. | |
| 655 | 4 |
_aElectronic books. _9621 |
|
| 700 | 1 |
_aSimmons, Kathy. _983092 |
|
| 700 | 1 |
_aShipway, Philip. _983093 |
|
| 776 | 0 | 8 |
_iPrint version: _aClifford, Michael. _tIntroduction to mechanical engineering. _dLondon : Hodder Education, 2006 _z9781628704952 _w(OCoLC)502264821 |
| 856 | 4 | 0 |
_uhttp://www.columbia.edu/cgi-bin/cul/resolve?clio10878474.001 _3Knovel |
| 856 | 4 | 0 |
_uhttp://www.columbia.edu/cgi-bin/cul/resolve?clio10878474.002 _3Knovel |
| 942 |
_2ddc _cBK |
||
| 999 |
_c32814 _d32814 |
||